| 000 | 00635nam a2200145 a 4500 | ||
|---|---|---|---|
| 008 | 120416s1978 ||||||||||||||||| || u | ||
| 050 | _aHX 56 Kol | ||
| 100 | _aKolakowski, Leszek | ||
| 245 | 1 | 0 | _aMain currents of Marxism |
| 246 | _aits rise, growth and dissolution | ||
| 260 |
_aOxford _bClarendon P _c1978 |
||
| 350 | _a0.00 | ||
| 995 |
_aMAIN LIBRARY OPEN ACCESS _D0.00 _e008661 _FCBU-MAIN LIBRARY (Kitwe) _H1 _I0.00 _jHX 56 Kol _UAVAILABLE _y008661 _ZMain Library Open Access Collection |
||
| 995 |
_aANNEX COLLECTION (Main Library) _D0.00 _e008660 _FCBU-MAIN LIBRARY (Kitwe) _H2 _I0.00 _jHX 56 Kol _UAVAILABLE _y008660 _ZAnnex Low-Usage Collection |
||
| 999 |
_c82319 _d82319 |
||